000 00512nam a2200157Ia 4500
003 GCL
008 140319s9999 xx 000 0 ara d
040 _aGCL /
_cGCL
082 0 4 _a091.1
_bج ا
100 1 _aجروهمان، ادولف
245 1 0 _aاوراق البردى العربية بدار الكتب المصرية: Arabic Papyri /
_cجروهمان، ادولف
260 _a[S.N] :
_bدار الكتب المصرية ،
_c1974
490 _a
650 0 4 _aوثائق ادارية
942 _2ddc
_cBK
999 _c52957
_d52957